[Event "Nittenau-ch 16th"]
[Site "Nittenau"]
[Date "2016.09.17"]
[Round "3"]
[White "Jagdhuber, Rudi"]
[Black "Kestler, Martin"]
[Result "1-0"]
[WhiteElo "1871"]
[BlackElo "1544"]
[PlyCount "77"]
[EventDate "2016.09.16"]
[EventType "swiss"]
[EventRounds "5"]
[EventCountry "GER"]
[SourceTitle "EXT 2022"]
[Source "ChessBase"]
[SourceDate "2021.10.06"]
[SourceVersion "1"]
[SourceVersionDate "2021.10.06"]
[SourceQuality "1"]

1. d4 f5 2. e4 fxe4 3. Nc3 Nf6 4. Bg5 c6 5. Bxf6 exf6 6. Nxe4 d5 7. Ng3 Qe7+ 8. Qe2 Qxe2+ 9. Bxe2 Bd6 10. 0-0-0 Bxg3 11. hxg3 Be6 12. Re1 Kd7 13. Bd3 h6 14. Ne2 Bf7 15. g4 Kd8 16. f4 Nd7 17. g5 Nb6 18. Ng3 Nc4 19. Nf5 Re8 20. gxh6 gxh6 21. Rxe8+ Bxe8 22. Rxh6 Rc8 23. g3 Nb6 24. Rxf6 Nd7 25. Rh6 Kc7 26. g4 Nf8 27. Nd6 Rd8 28. Nxe8+ Rxe8 29. Rh8 Rd8 30. f5 Nd7 31. Rxd8 Kxd8 32. g5 Ke7 33. Kd2 Kf7 34. Ke3 Kg7 35. Kf4 Kf7 36. f6 Nxf6 37. gxf6 Kxf6 38. Bf5 Ke7 39. Ke5 1-0

[Event "Regionalliga SO 1213"]
[Site "Bayern"]
[Date "2013.02.24"]
[Round "7.7"]
[White "Jagdhuber, Rudi"]
[Black "Haselbeck, Franz"]
[Result "1-0"]
[WhiteElo "1946"]
[BlackElo "1827"]
[PlyCount "164"]
[EventDate "2012.10.14"]
[EventType "team-tourn"]
[EventRounds "9"]
[EventCountry "GER"]
[SourceTitle "EXT 2015"]
[Source "ChessBase"]
[SourceDate "2014.11.20"]
[SourceVersion "1"]
[SourceVersionDate "2014.11.20"]
[SourceQuality "1"]
[WhiteTeam "Waldkraiburg"]
[BlackTeam "Deggendorf"]
[WhiteTeamCountry "GER"]
[BlackTeamCountry "GER"]

1. d4 Nf6 2. Nf3 e6 3. c4 c5 4. e3 a6 5. Nc3 d5 6. b3 Nc6 7. a3 Be7 8. Bb2 0-0 9. Bd3 dxc4 10. bxc4 g6 11. Bc2 Qc7 12. d5 Rd8 13. 0-0 Na5 14. Qd3 b5 15. cxb5 Nxd5 16. Nxd5 Rxd5 17. Qc3 f6 18. Be4 axb5 19. Bxd5 exd5 20. Qd3 Bb7 21. Rfd1 Nc4 22. Qc2 Qd7 23. Nd2 Nxb2 24. Qxb2 Bc6 25. Ne4 Qf5 26. Nc3 Bd6 27. Nxb5 Be5 28. Nc3 d4 29. exd4 cxd4 30. Qb6 Bxg2 31. Qb3+ Kg7 32. Kxg2 Qg4+ 33. Kh1 Rb8 34. Qd5 dxc3 35. Qd7+ Qxd7 36. Rxd7+ Kh6 37. Kg2 Rb2 38. Rc1 Ra2 39. h3 Rxa3 40. Rc2 Bf4 41. Rd3 Bd2 42. Rd6 Kg5 43. Rd7 h5 44. Rd5+ Kf4 45. Rd6 Ke5 46. Rd3 Ra4 47. Kf3 Rf4+ 48. Kg3 h4+ 49. Kg2 Ke4 50. Rd7 Rf5 51. Ra2 Rg5+ 52. Kf1 Rb5 53. Raxd2 cxd2 54. Rxd2 Rd5 55. Ra2 Rd4 56. Re2+ Kf4 57. Re6 Kf5 58. Re3 g5 59. Kg2 Kf4 60. Rf3+ Ke5 61. Re3+ Re4 62. Ra3 f5 63. Ra5+ Kf4 64. Ra8 Rd4 65. Re8 Rd3 66. Rh8 Rd5 67. Rh7 Ke4 68. Re7+ Kd3 69. Rg7 f4 70. Re7 Kd2 71. Re6 Rd3 72. Re5 f3+ 73. Kg1 Rb3 74. Rd5+ Ke2 75. Re5+ Kd3 76. Rd5+ Ke4 77. Rxg5 Rb1+ 78. Kh2 Rf1 79. Re5+ Kd3 80. Re3+ Kd2 81. Rxf3 Ke2 82. Kg2 Ra1 1-0

[Event "Regionalliga SO 1213"]
[Site "Bayern"]
[Date "2012.11.25"]
[Round "3.8"]
[White "Jagdhuber, Rudi"]
[Black "Hartmann, Karl Heinz"]
[Result "0-1"]
[WhiteElo "1946"]
[BlackElo "1870"]
[PlyCount "102"]
[EventDate "2012.10.14"]
[EventType "team-tourn"]
[EventRounds "9"]
[EventCountry "GER"]
[SourceTitle "EXT 2015"]
[Source "ChessBase"]
[SourceDate "2014.11.20"]
[SourceVersion "1"]
[SourceVersionDate "2014.11.20"]
[SourceQuality "1"]
[WhiteTeam "Waldkraiburg"]
[BlackTeam "Ebersberg Grafing"]
[WhiteTeamCountry "GER"]
[BlackTeamCountry "GER"]

1. d4 e6 2. Nf3 d5 3. c4 Nf6 4. Nc3 c5 5. e3 dxc4 6. Bxc4 Nc6 7. 0-0 cxd4 8. exd4 Be7 9. Bf4 a6 10. Rc1 0-0 11. Re1 b5 12. Bb3 Na5 13. Bc2 Bb7 14. Ne5 b4 15. Ne4 Nxe4 16. Bxe4 Bxe4 17. Rxe4 Qd5 18. Re3 Rac8 19. Rxc8 Rxc8 20. Rh3 Qe4 21. g3 Rc2 22. f3 Qe2 23. Qxe2 Rxe2 24. Nd3 g5 25. Bc1 b3 26. a3 Nc6 27. f4 g4 28. Rh5 Nxd4 29. Re5 Nf3+ 30. Kf1 Rxh2 31. Ra5 Rh1+ 32. Kg2 Rg1+ 33. Kf2 Rd1 34. Ke2 Rg1 35. Kf2 Rd1 36. Ke2 Rh1 37. Be3 Bf6 38. Rxa6 Rh2+ 39. Kd1 Bxb2 40. Nxb2 Rxb2 41. Ra8+ Kg7 42. Kc1 Rg2 43. Rb8 Rxg3 44. a4 Rg2 45. a5 Ra2 46. Rb5 g3 47. Rxb3 g2 48. Rb2 Ra1+ 49. Rb1 Rxa5 50. Kc2 Ra2+ 51. Kd3 Ra3+ 0-1

[Event "Regionalliga SO 1112"]
[Site "Bayern"]
[Date "2012.02.26"]
[Round "7.7"]
[White "Schroeder, Frank2222"]
[Black "Jagdhuber, Rudi"]
[Result "1/2-1/2"]
[WhiteElo "1967"]
[BlackElo "1912"]
[PlyCount "70"]
[EventDate "2011.10.02"]
[EventType "team-tourn"]
[EventRounds "9"]
[EventCountry "GER"]
[SourceTitle "EXT 2015"]
[Source "ChessBase"]
[SourceDate "2014.11.20"]
[SourceVersion "1"]
[SourceVersionDate "2014.11.20"]
[SourceQuality "1"]
[WhiteTeam "Ingolstadt II"]
[BlackTeam "Waldkraiburg"]
[WhiteTeamCountry "GER"]
[BlackTeamCountry "GER"]

1. d4 Nf6 2. c4 g6 3. Nc3 Bg7 4. e4 d6 5. Be2 0-0 6. Bg5 h6 7. Be3 e5 8. d5 Re8 9. Qd2 Kh7 10. h4 Ng4 11. Bxg4 Bxg4 12. f3 Bc8 13. h5 g5 14. g4 Na6 15. Nge2 c6 16. dxc6 bxc6 17. Rd1 Bf8 18. c5 Qd7 19. Ng3 Rd8 20. cxd6 Qxd6 21. Qe2 Qc7 22. Kf2 Nc5 23. Rxd8 Qxd8 24. Bxc5 Bxc5+ 25. Kg2 Be6 26. Rd1 Qa5 27. Qc2 Bd4 28. Nce2 c5 29. b3 Rc8 30. Qd2 Qb6 31. Nf1 Rc7 32. Rb1 a5 33. Rd1 Rd7 34. Qc2 Qb4 35. Qd2 Ra7 1/2-1/2

[Event "Regionalliga SO 1112"]
[Site "Bayern"]
[Date "2012.01.15"]
[Round "5.7"]
[White "Kramer, Melik Kurt"]
[Black "Jagdhuber, Rudi"]
[Result "1/2-1/2"]
[WhiteElo "1896"]
[BlackElo "1912"]
[PlyCount "68"]
[EventDate "2011.10.02"]
[EventType "team-tourn"]
[EventRounds "9"]
[EventCountry "GER"]
[SourceTitle "EXT 2013"]
[Source "ChessBase"]
[SourceDate "2012.11.22"]
[SourceVersion "1"]
[SourceVersionDate "2012.11.22"]
[SourceQuality "1"]
[WhiteTeam "Ebersberg Grafing"]
[BlackTeam "Waldkraiburg"]
[WhiteTeamCountry "GER"]
[BlackTeamCountry "GER"]

1. e4 d5 2. exd5 Nf6 3. d4 Nxd5 4. Nf3 Bg4 5. c4 Nb6 6. c5 Nd5 7. Qb3 Bc8 8. Nc3 e6 9. Bc4 Nxc3 10. bxc3 c6 11. 0-0 Be7 12. Bf4 0-0 13. Rfb1 Nd7 14. Ne5 Nf6 15. a4 Nd5 16. Bg3 a5 17. Be2 Kh8 18. Nc4 Re8 19. Bf3 Bh4 20. Nd6 Rf8 21. Nxb7 Bxb7 22. Qxb7 Bxg3 23. hxg3 Nxc3 24. Rc1 Qxd4 25. Ra3 Rab8 26. Qc7 Ne4 27. Bxe4 Qxe4 28. Qxa5 Rb2 29. Qc3 Qe2 30. Qf3 Qxf3 31. gxf3 Rd8 32. a5 Rdd2 33. Rf1 Ra2 34. Ra1 Rab2 1/2-1/2

[Event "Regionalliga SO 1011"]
[Site "Bayern"]
[Date "2011.03.20"]
[Round "8.8"]
[White "Jagdhuber, Rudi"]
[Black "Reich, Christian"]
[Result "1/2-1/2"]
[WhiteElo "1912"]
[BlackElo "1692"]
[PlyCount "90"]
[EventDate "2010.10.10"]
[EventType "team-tourn"]
[EventRounds "9"]
[EventCountry "GER"]
[SourceTitle "EXT 2012"]
[Source "ChessBase"]
[SourceDate "2011.11.24"]
[SourceVersion "1"]
[SourceVersionDate "2011.11.24"]
[SourceQuality "1"]
[WhiteTeam "Waldkraiburg"]
[BlackTeam "Straubing"]
[WhiteTeamCountry "GER"]
[BlackTeamCountry "GER"]

1. d4 d5 2. Nf3 Nf6 3. c4 e6 4. Nc3 h6 5. e3 Be7 6. Bd3 Nc6 7. 0-0 0-0 8. Re1 Bb4 9. a3 Bxc3 10. bxc3 Ne4 11. Qc2 f5 12. Nd2 Na5 13. c5 c6 14. f3 Nxd2 15. Bxd2 b5 16. cxb6 axb6 17. e4 fxe4 18. fxe4 Ba6 19. Bxa6 Rxa6 20. exd5 exd5 21. Re6 Rf6 22. Rae1 Ra8 23. Bc1 Qf8 24. Qe2 Rxe6 25. Qxe6+ Qf7 26. Qd6 Rf8 27. Qg3 Kh7 28. Qd3+ Qf5 29. Qxf5+ Rxf5 30. g3 Rf3 31. Re3 Rxe3 32. Bxe3 Nc4 33. Bc1 b5 34. Kf2 Kg6 35. Kf3 Kf5 36. h4 g5 37. g4+ Kf6 38. hxg5+ hxg5 39. Ke2 Nd6 40. Bd2 Ne4 41. Bc1 Ke6 42. Bd2 Kd6 43. Kd3 Nf2+ 44. Ke2 Ne4 45. Kd3 Nf2+ 1/2-1/2

[Event "Regionalliga SO 0910"]
[Site "Bayern"]
[Date "2010.02.28"]
[Round "7.8"]
[White "Jagdhuber, Rudi"]
[Black "Richter, Moritz"]
[Result "1-0"]
[WhiteElo "1884"]
[BlackElo "1857"]
[PlyCount "119"]
[EventDate "2009.10.18"]
[EventType "team-tourn"]
[EventRounds "9"]
[EventCountry "GER"]
[SourceTitle "EXT 2011"]
[Source "ChessBase"]
[SourceDate "2010.11.26"]
[SourceVersion "1"]
[SourceVersionDate "2010.11.26"]
[SourceQuality "1"]
[WhiteTeam "Waldkraiburg"]
[BlackTeam "Graefelfing"]
[WhiteTeamCountry "GER"]
[BlackTeamCountry "GER"]

1. d4 Nf6 2. Nf3 g6 3. c4 Bg7 4. Nc3 d5 5. e3 0-0 6. Bd3 c5 7. 0-0 Nc6 8. h3 cxd4 9. exd4 Be6 10. c5 Rc8 11. a3 Nd7 12. Ne2 b6 13. Ba6 bxc5 14. Bxc8 Qxc8 15. Be3 Qb7 16. Qd2 Rc8 17. Rac1 c4 18. Nf4 Nf6 19. Nxe6 fxe6 20. Ng5 e5 21. Ne6 Ne4 22. Qd1 Qxb2 23. dxe5 Qxe5 24. Nxg7 Kxg7 25. f4 Qd6 26. Qf3 Nc5 27. f5 Rf8 28. Bf4 Ne5 29. Qe3 Ncd3 30. Rcd1 Nxf4 31. Rxf4 Nd3 32. Rff1 Qb6 33. Qxb6 axb6 34. fxg6 Rxf1+ 35. Kxf1 Kxg6 36. Ke2 Kf6 37. Rb1 Ke5 38. Rxb6 Kd4 39. Kd2 Ne5 40. Kc2 c3 41. Rb3 Ke4 42. Rxc3 d4 43. Rc7 e6 44. Kd2 Kd5 45. a4 Nc4+ 46. Ke2 e5 47. h4 e4 48. Rxc4 Kxc4 49. a5 d3+ 50. Kd2 e3+ 51. Kxe3 Kc3 52. a6 d2 53. a7 d1Q 54. a8Q Qe1+ 55. Kf3 Qxh4 56. Qc6+ Qc4 57. Qxc4+ Kxc4 58. Ke4 Kc3 59. g4 Kd2 60. g5 1-0